000 02015nam a2200325 i 4500
999 _c65642
_d65642
001 768714001
003 CO-MdFUSB
005 20200617161419.0
007 ta
008 200403t2010 -us |||| |||| 00| 0 eng d
020 _a9780801047763
040 _aCO-MdFUSB
_bspa
_cCO-MdFUSB
_dCO-MdFUSBC
_erda
041 _aeng
082 _223
_a226.607
_bSP745
100 _aSpencer, F. Scott.
_eautor
245 1 _aJourneying through Acts :
_ba literary-cultural reading
_c/ F Scott Spencer
264 1 _aEstados Unidos :
_bBaker Books,
_c[2010]
264 4 _c© 2010
300 _a278 páginas
_c; 23 cm
336 _2rdacontent
_atexto
_btxt
337 _2rdamedia
_asin mediación
_bn
338 _2rdacarrier
_avolumen
_bnc
500 _aColección Dawn Christina Harrell
505 _aHechos 1-2: Orientación: El viaje comienza. -- El día de la Ascensión: 1.1-26. -- El día de Pentecostés 2.1-47. -- Hechos 3-5. -- Visitas al templo. -- Primera visita pública al Templo: 3.1-4.22. -- Interludio de la casa privada: 4.23-5.11. -- Segundo recorrido público del Templo: 5.12-41. -- Hechos 6-12: Excursiones fuera de Jerusalén. -- Esteban el Mártir en Jerusalén: 6.1-8.3. -- Felipe el Evangelista en Samaria y Judea: 8.4- 40. -- Saúl el perseguidor en Damasco y Jerusalén: 9.1-31. -- Pedro el apóstol en Sharon y Cesarea: 9.32-11.18. -- Bernabé el animador en Antioquía y Judea: 11.19-30. -- Pedro el prisionero en Jerusalén: 12.1- 25. -- Hechos 13.1-21.36: Expediciones al territorio gentil. -- Expedición mediterránea: 13.1-16.5. -- Expedición egea: 16.6-21.26. -- Hechos 21.37-28.15: Progreso del prisionero. -- Juicios en Jerusalén: 21.37-23.10. -- Viaje de Jerusalén a Cesarea: 23.11-35. --Juicios en Cesarea: 24.1 -26.32. -- Viaje desde Cesarea a Roma: 27.1-28.15. -- Hechos 28.16-31: Reorientación: El viaje concluye.
563 _aRústico
630 7 _aBiblia.
_pHechos
_xCrítica, interpretación, etc.
942 _cBK
945 _aJTF-925
_bAEM-53